| 000 | 00657nam a2200193 i 4500 | ||
|---|---|---|---|
| 001 | 41986 | ||
| 003 | ES-MaACL | ||
| 005 | 20250716025354.0 | ||
| 007 | t| | ||
| 008 | 030312s1931 sp ||||1| spa d | ||
| 100 | 1 |
_aCasas Fernández, Manuel. _936220 |
|
| 245 | 1 | 0 |
_aVoltaire criminalista _b: precursor del humanitarismo en la legislación penal / _cManuel Casas Fernández ; carta prólogo de Luis Jiménez de Asua. |
| 260 |
_aMadrid : _bReus, _c1931. |
||
| 300 |
_a214 p. ; _c22 cm. |
||
| 600 | 0 | 4 |
_aVoltaire, _d1694-1778 _9115721 |
| 700 | 1 |
_aJiménez de Asúa, Luis, _d1889-1970 _966491 |
|
| 852 |
_aES-MaACL _jA-70 |
||
| 999 |
_c41986 _d41986 |
||